000 01199nam0a22002531 4500
001 rc\3596807
005 20250610045601.0
021 _aRU
_bРг3198-74
021 _aRU
_b74-13751
035 _a(NLR Aleph) 007705141
090 _a6790064
_c6790064
100 _a20130115d1974 |||y0rusy50 ca
101 0 _arus
102 _aRU
105 _ay d |||||
200 1 _aПрограмма и рефераты докладов
_fМеждунар. центр. науч. и техн. информации. Междунар. симпозиум "Прогнозирование развития нац. и междунар. систем науч. и техн. информации стран-членов СЭВ". Москва, 26-28 марта 1974 г.
210 _aМосква
_cБ. и.
_d1974
215 _a36 с.
_d21
710 1 2 _a"Прогнозирование развития национальных и международных систем научной и технической информации", международный симпозиум (1974; Москва)
801 0 _aRU
_bNLR
_gpsbo
801 1 _aRU
_bELAR
_2rusmarc
852 _aNLR
_j73-6/12974
942 _cBOOK
980 _aNB